Structural and stress analysis / (رقم التسجيلة. 30377)
[ عرض عادي ]
| 000 -الفاتح | |
|---|---|
| حقل البيانات ثابتة الطول | 01160cam a22003134a 4500 |
| 001 - رقم الضبط | |
| رقم الضبط | 13743892 |
| 003 - محدد رقم الضبط | |
| رقم الضبط | OSt |
| 005 - وقت وتاريخ اخر تعامل مع التسجيلة | |
| رقم الضبط | 20150408114136.0 |
| 008 - عناصر البيانات ثابتة الطول - معلومات عامة | |
| حقل البيانات ثابتة الطول | 041007s2011 ii a | 001 0 eng |
| 010 ## - رقم ضبط مكتبة الكونجرس | |
| رقم ضبط مكتبة الكونجرس | 2004060963 |
| 020 ## - الرقم الدولى المعيارى للكتب | |
| الرقم الدولى المعيارى للكتاب | 9789380501659 |
| 040 ## - مصدر الفهرسة | |
| وكالة الفهرسة الأصلية | Ma-Un |
| 050 00 - رقم طلب مكتبة الكونجرس | |
| رقم التصنيف | TA645 |
| رقم المادة | .M43 2005 |
| 082 00 - رقم تصنيف ديوى العشرى | |
| رقم التصنيف | 624.17 |
| رقم المادة | MTS |
| رقم الطبعة | 21 |
| 100 1# - المدخل الرئيسى - إسم شخصى | |
| الإسم الشخصى | Megson, T. H. G. |
| الشكل الأكمل للاسم | (Thomas Henry Gordon) |
| 9 (RLIN) | 36529 |
| 245 10 - بيان العنوان | |
| العنوان | Structural and stress analysis / |
| بيان المسئوليه,etc | T.H.G. Megson. |
| 250 ## - بيان الطبعة | |
| بيان الطبعة | 2nd ed. |
| 260 ## - PUBLICATION, DISTRIBUTION, ETC. (IMPRINT) | |
| مكان الناشر او الموزع | New Delhi |
| اسم الناشر او الموزع | Elsevier Butterworth Heineman, |
| تاريخ النشر أو التوزيع | 2011 |
| 300 ## - الوصف المادى | |
| التعداد | xiv, 724 p. : |
| تفاصيل ماديه اخرى للوعاء | ill. ; |
| أبعاد الوعاء | 25 cm. |
| 500 ## - تبصرة عامة | |
| تبصرة عامة | Includes index. |
| 650 #0 - المدخل الاضافى بالموضوع-مصطلح موضوعى | |
| مصطلح موضوعي أو اسم جغرافي كعنصر مدخل | Structural analysis (Engineering) |
| 9 (RLIN) | 36530 |
| 650 #0 - المدخل الاضافى بالموضوع-مصطلح موضوعى | |
| مصطلح موضوعي أو اسم جغرافي كعنصر مدخل | Strains and stresses. |
| 9 (RLIN) | 36531 |
| 856 41 - الوصول و الموقع الالكترونى | |
| مواد محددة | Table of contents |
| معرف المصدر الموحد | <a href="http://www.loc.gov/catdir/toc/els051/2004060963.html">http://www.loc.gov/catdir/toc/els051/2004060963.html</a> |
| 856 42 - الوصول و الموقع الالكترونى | |
| مواد محددة | Publisher description |
| معرف المصدر الموحد | <a href="http://www.loc.gov/catdir/description/els051/2004060963.html">http://www.loc.gov/catdir/description/els051/2004060963.html</a> |
| 906 ## - عنصر بيانات محلى F, LDF (RLIN) | |
| a | 7 |
| b | cbc |
| c | orignew |
| d | 1 |
| e | ocip |
| f | 20 |
| g | y-gencatlg |
| 942 ## - عناصر المدخل الإضافي( كوها) | |
| مصدر التصنيف او مخطط الترفيف | Dewey Decimal Classification |
| Koha [default] item type | DVD |
| حالة الفقد | نموذج السعر الفعال | حالة تلف | ليس للاعارة | رقم الطلب | رقم النسخة | تاريخ الاكتساب | الموقع الحالي | الباركود | الفرع الرئيسي | Date last checked out | Date last seen | نوع المادة فى نظام كوها | مصدر التصنيف او خطة الترفيف | Total Checkouts | مُعار |
|---|---|---|---|---|---|---|---|---|---|---|---|---|---|---|---|
| 2013-08-06 | Not For Loan | 624.17 MTS | 1 | 2013-08-06 | المكتبة المركزية بالمجمعة (CL) | 00206316 | المكتبة المركزية بالمجمعة (CL) | 2017-12-11 | 2018-01-07 | كتاب | Dewey Decimal Classification | 1 | |||
| 2013-08-06 | 624.17 MTS | 2 | 2013-08-06 | المكتبة المركزية بالمجمعة (CL) | 00206315 | المكتبة المركزية بالمجمعة (CL) | 2022-09-04 | 2022-09-04 | كتاب | Dewey Decimal Classification | 3 | 2022-12-03 | |||
| 2013-08-06 | 624.17 MTS | 3 | 2013-08-06 | المكتبة المركزية بالمجمعة (CL) | 00206317 | المكتبة المركزية بالمجمعة (CL) | 2022-09-11 | 2022-10-31 | كتاب | Dewey Decimal Classification | 2 |
